000 00636nam a2200181Ii 4500
003 JO-AjNU
008 230605s9999||||xx |||||||||||||| ||und||
040 _aJO-AjNU
_bara
_erda
_cJO-AjNU
041 _aara
050 1 4 _aBP173.758.S2534 2012
100 3 _aسمحان، حسين محمد ,
_eauthor
_945030
245 0 0 _aأسس العمليات المصرفية الإسلامية
264 3 1 _aعمان: دار المسيرة، 2012
336 _atext
_btxt
_2rdacontent
337 _aunmediated
_bn
_2rdamedia
338 _avolume
_bnc
_2rdacarrier
650 4 _aالبنوك الإسلامية - جوانب اقتصادية 
_945031
999 _aA19490
_c23058
_d23058